Cơ học chất lỏng ứng dụng

Cơ khí chuyên dùng; Máy xây dựng, Đầu máy toa xe. Vận tải đa phương thức; Cơ giới hóa xây dựng và cầu đường...

Αποθηκεύτηκε σε:
Λεπτομέρειες βιβλιογραφικής εγγραφής
Κύριος συγγραφέας: Phạm Văn Vĩnh (Tác giả)
Μορφή: Βιβλίο
Γλώσσα:Vietnamese
Έκδοση: H. Giáo dục 2001
Έκδοση:Tái bản lần thứ nhất
Σειρά:Sách Đại học sư phạm
Θέματα:
Ετικέτες: Προσθήκη ετικέτας
Δεν υπάρχουν, Καταχωρήστε ετικέτα πρώτοι!
Thư viện lưu trữ: Mạng thư viện Đại học Đà Nẵng
LEADER 01335nam a2200385 4500
001 000008370
003 4557
005 20111021071057.0
008 111017s2001 viesd
020 |c 16000đ 
041 0 |a vie 
082 |a 532  |b PH-V 
100 0 |a Phạm Văn Vĩnh  |e Tác giả 
245 0 |a Cơ học chất lỏng ứng dụng  |c Phạm Văn Vĩnh 
250 |a Tái bản lần thứ nhất 
260 |a H.  |b Giáo dục  |c 2001 
300 |a 167tr  |c 27cm 
490 |a Sách Đại học sư phạm 
500 |a Phụ lục tr 157; Mục lục tr 165 
520 |a Cơ khí chuyên dùng; Máy xây dựng, Đầu máy toa xe. Vận tải đa phương thức; Cơ giới hóa xây dựng và cầu đường... 
653 |a Cơ học 
653 |a Chất lỏng 
653 |a Ứng dụng 
653 |a Giáo trình 
910 |a Thương  |d 17/10/2011 
OWN |a LSP 
AVA |a UDN50  |b LSP  |d 532 PH-V  |e available  |t Error 5001 Not defined in file expand_doc_bib_avail.  |f 1  |g 0  |h N  |i 0  |k 1 
999 |a From the UDN01 
AVA |a UDN50  |b LSP  |d 532 PH-V  |e available  |t Error 5001 Not defined in file expand_doc_bib_avail.  |f 1  |g 0  |h N  |i 0  |k 1 
TYP |a Monograph 
TYP |a Printed language 
980 |a Mạng thư viện Đại học Đà Nẵng